| 000 | 00580ntaaa2200205 4500 | ||
|---|---|---|---|
| 003 | 01 | ||
| 005 | 20251027202530.0 | ||
| 008 | 0714s1973 ag 01 | ||
| 040 |
_aAR-BaBN _bspa _cAR-BaBN _eaacr _dRIC |
||
| 082 | _a920.0000 H13 | ||
| 100 |
_aHale, Everett Edward ed. _924342 |
||
| 245 | _aLibrary of inspiration and achievement | ||
| 250 | _a1 ed. | ||
| 260 |
_as.l. : _bs.e., _cc1886 |
||
| 300 | _a10 tomos | ||
| 500 | _aLa biblioteca posee: T 6: Men of AchievementT 9: Heroes and heroism | ||
| 650 |
_aBiografía _91311 |
||
| 650 |
_aHéroes y heroísmo _924343 |
||
| 942 | _cBK | ||
| 999 |
_c20379 _d20379 |
||